000 00474nam a2200181Ia 4500
008 240925s9999 xx 000 0 und d
020 _a9780199068876
082 _a330.9549105 SAE
100 _aSaeed, Khawaja Amjad
245 4 _aThe Economy of Pakistan
250 _a3rd
260 _aKarachi:
_bOxford University Press
_c,2013.
300 _a193p.
_b0
_fOriginal
500 _aIncludes Index
600 _aSocial Sciences
650 _aSocial Sciences
942 _cBK
999 _c16702
_d16702